01082nam a2200241Ia 4500001000600000003000900006008004100015040001300056040001300069041001300082100002400095100002900119245003200148245006200180250001100242260001100253260001100264260004900275300005700324500040100381650002700782650003100809H4736IT-RoPAU130308s9999 xx 000 0 und d aIT-RoPAU cIT-RoPAU aITALIANO aAvvantaggiato Gioia gCodice Aut. SPICS: 57797 aMa cos'è un distributore? bIdea Documentaria (L'). Altri Sguardi dal Cinema Italiano a2a ed. aTORINO bLindau c2004 [1° Ed.:2003 - Ed.Ling.Originale:2003] a"8 p. (prefazione: no ; testo: 8 [pagine: 291-198])" aPerche' Il Distributore è un Alleato e Non un Lusso Superfluo. Il Supermercato dei Documentari? per Chi Vengono realizzati I Film? la brutale Realtà. Partiamo Dalla domanda Principale: Cosa si Vende? una domanda Poropedeutica e Imbarazzante: per Chi è Il Film? e I Festival, Allora? L'Importanza di Confrontarsi con Il Mondo. Dalla parte del Commissioning Editor. Un Mestiere per Il Futuro? aGENERI CINEMATOGRAFICI eCodice materia Spics: 6810